| 000 | 00751cam a22002294a 4500 | ||
|---|---|---|---|
| 005 | 20250605164212.0 | ||
| 008 | 250528s ||||||||||||||||||||||||d | ||
| 035 | _a20292 | ||
| 020 | _a194323064 | ||
| 040 |
_aGR-AtMCL _bgre _dGR-AtMCL _eAACR2 |
||
| 245 | 1 | _aFast Forward 2 / Resource Book | |
| 260 |
_bOxford University Press, _c1988 |
||
| 300 | _a112 | ||
| 520 | _aA series of four courses for adult students of English attending intensive courses of 60-80 teaching hours. Introductory Unit, Units 1-12, Phrasal Verbs, Tapescript and Answer Key. | ||
| 700 | 1 |
_aBlack Val _95156 |
|
| 700 | 1 |
_aMalderez Angi _95157 |
|
| 700 | 1 |
_aMcnorton Maggy _95158 |
|
| 700 | 1 |
_aParker Sue _95159 |
|
| 942 | _cBK | ||
| 999 |
_c5416 _d5416 |
||